000 00579cam a22002171 4500
001 med46000321
003 DLC
005 20260227111557.0
008 810815s1946 xx d 000 0 ita
010 _amed46000321
035 _a(OCoLC)14753000
040 _aDLC
_cDNLM
_dDLC
042 _apremarc
050 0 0 _aR121
_b.F44 1946
060 0 _aW 13
_bF393t 1946
100 1 _aFerrio, Luigi.
245 1 0 _aTerminologia medica.
250 _a3. ed. riveduta e molto ampliata.
260 _aTorino,
_bUnione tipografico-editrice torinese,
_c1946.
300 _a1 p. l., 789 p.
999 _c37920
_d37920